XVIII International Congress of Surveyors June 1 to 11, 1986, Toronto, Canada. Papers: commission 4 hydrographic surveying (Record no. 87037)

MARC details
000 -LEADER
fixed length control field 00536cam a2200181 4500
008 - FIXED-LENGTH DATA ELEMENTS--GENERAL INFORMATION
fixed length control field 090401t1986 xxu||||| |||| 00| 0 eng d
020 ## - INTERNATIONAL STANDARD BOOK NUMBER
International Standard Book Number 0919088201
035 ## - SYSTEM CONTROL NUMBER
System control number (Sirsi) u12876
041 ## - LANGUAGE CODE
Language code of text/sound track or separate title eng
050 ## - LIBRARY OF CONGRESS CALL NUMBER
Classification number 526.9
110 ## - MAIN ENTRY--CORPORATE NAME
Corporate name or jurisdiction name as entry element Federation International Des Geometres
245 ## - TITLE STATEMENT
Title XVIII International Congress of Surveyors June 1 to 11, 1986, Toronto, Canada. Papers: commission 4 hydrographic surveying
260 ## - PUBLICATION, DISTRIBUTION, ETC.
Place of publication, distribution, etc. Ottawa
Name of publisher, distributor, etc. FIG
Date of publication, distribution, etc. 1986
300 ## - PHYSICAL DESCRIPTION
Extent 318p. : ill. ; 21cm.
350 ## - PRICE (NR) (BK AM CF MU VM SE) [OBSOLETE]
Price 0
942 ## - ADDED ENTRY ELEMENTS (KOHA)
Suppress in OPAC 0
948 ## - LOCAL PROCESSING INFORMATION (OCLC); SERIES PART DESIGNATOR (RLIN)
c (OCLC) 04/03/1997
Holdings
Withdrawn status Lost status Source of classification or shelving scheme Damaged status Not for loan Home library Current library Shelving location Date acquired Total Checkouts Full call number Barcode Date last seen Copy number Price effective from Koha item type
    Dewey Decimal Classification     London London Basement 12/08/1991   SHELF 325 30016830 06/08/2019 1 06/08/2019 Reference material